000 00325nam a2200109Ia 4500
008 200302s9999 xx 000 0 und d
100 _aSue Roaf & Others
245 _aAdapting Buildings and Cities for Climate Cange A21st Centurey Survival Guide
260 _bArchitectural World Co., Ltd.
260 _c2005
300 _a363 P.,
999 _c5750
_d5750